[Event "New York Winter GM-C"]
[Site "New York"]
[Date "2023.01.15"]
[Round "7"]
[White "Kaczur, Florian"]
[Black "Dukic, Zachary"]
[Result "1-0"]
[WhiteElo "2471"]
[BlackElo "2226"]
[PlyCount "115"]
[EventDate "2023.01.12"]
[EventType "tourn"]
[EventRounds "9"]
[EventCountry "USA"]
[EventCategory "4"]
[SourceTitle "CBM 212 Extra"]
[Source "ChessBase"]
[SourceDate "2023.03.31"]
[SourceVersion "1"]
[SourceVersionDate "2023.03.31"]
[SourceQuality "1"]

1. e4 c5 2. Nc3 Nc6 3. Bb5 Nd4 4. Nf3 e6 5. 0-0 a6 6. Bd3 Nc6 7. e5 f6 8. Qe2 fxe5 9. Nxe5 Nxe5 10. Qxe5 Nf6 11. b3 d5 12. Bb2 Bd6 13. Qg5 0-0 14. Rae1 Qc7 15. g3 b5 16. Be2 d4 17. Nb1 Bb7 18. f4 h6 19. Qh4 e5 20. fxe5 Bxe5 21. Bf3 Bxf3 22. Rxf3 Nh7 23. Qe4 Ng5 24. Qd5+ Kh7 25. Rxf8 Rxf8 26. Rf1 Rd8 27. Qg2 d3 28. Bc1 b4 29. c3 Kh8 30. Kh1 Bf6 31. Re1 Qd7 32. Qf1 Re8 33. Rxe8+ Qxe8 34. Qxd3 Qc6+ 35. Kg1 Nh3+ 36. Kf1 Qh1+ 37. Ke2 Qxh2+ 38. Kf3 Ng5+ 39. Kg4 Qh3+ 40. Kf4 Ne6+ 41. Ke4 Qh1+ 42. Kf5 Nf8 43. Bb2 Qh5+ 44. Kf4 Be5+ 45. Ke3 Ne6 46. Qxa6 Qg5+ 47. Ke4 Nf8 48. Qc8 Bd6 49. cxb4 cxb4 50. g4 Qf4+ 51. Kd3 Qf7 52. Kc2 Qe7 53. Qa8 Qc7+ 54. Kd1 Qb6 55. Qc8 Qa7 56. Qc6 Qxa2 57. Kc1 Bf4 58. Qb7 1-0

[Event "HUN-chT 2223"]
[Site "Hungary"]
[Date "2023.01.15"]
[Round "7.9"]
[White "Kaczur, Florian"]
[Black "Izsak, Gyula"]
[Result "1/2-1/2"]
[WhiteElo "2473"]
[BlackElo "2397"]
[PlyCount "72"]
[EventDate "2022.11.20"]
[EventType "team-tourn"]
[EventRounds "9"]
[EventCountry "HUN"]
[SourceTitle "CBM 213 Extra"]
[Source "ChessBase"]
[SourceDate "2023.05.31"]
[SourceVersion "1"]
[SourceVersionDate "2023.05.31"]
[SourceQuality "1"]
[WhiteTeam "Paks"]
[BlackTeam "Kobanya Aquarena"]
[WhiteTeamCountry "HUN"]
[BlackTeamCountry "HUN"]

1. e4 c5 2. Nf3 e6 3. d4 cxd4 4. Nxd4 a6 5. c4 Nf6 6. Nc3 Bb4 7. Qd3 d5 8. exd5 exd5 9. Be2 0-0 10. 0-0 Nc6 11. Nxc6 bxc6 12. Rd1 Be6 13. Bf4 Bd6 14. Bxd6 Qxd6 15. Rac1 Qb4 16. cxd5 cxd5 17. b3 Rfd8 18. Qd4 a5 19. Na4 Rac8 20. Qxb4 axb4 21. Nc5 Ne4 22. Nxe4 dxe4 23. Rxc8 Rxc8 24. Ba6 Rb8 25. Rd4 f5 26. g4 fxg4 27. Bc4 Bxc4 28. Rxc4 h5 29. Rxe4 Kf7 30. Kg2 Kf6 31. Kg3 g5 32. Rc4 Ra8 33. Rxb4 Rxa2 34. Rb6+ Kf5 35. Rb5+ Kf6 36. Rb6+ Ke5 1/2-1/2

[Event "New York Winter GM-C"]
[Site "New York"]
[Date "2023.01.13"]
[Round "3"]
[White "Saksham, Rautela"]
[Black "Kaczur, Florian"]
[Result "1/2-1/2"]
[WhiteElo "2366"]
[BlackElo "2471"]
[PlyCount "21"]
[EventDate "2023.01.12"]
[EventType "tourn"]
[EventRounds "9"]
[EventCountry "USA"]
[EventCategory "4"]
[SourceTitle "CBM 212 Extra"]
[Source "ChessBase"]
[SourceDate "2023.03.31"]
[SourceVersion "1"]
[SourceVersionDate "2023.03.31"]
[SourceQuality "1"]

1. Nf3 Nf6 2. g3 d5 3. Bg2 c6 4. 0-0 Bf5 5. d4 h6 6. b3 e6 7. Bb2 Nbd7 8. Nbd2 Be7 9. Ne5 0-0 10. c4 a5 11. a3 1/2-1/2

[Event "CZE-chT 2223"]
[Site "Czech Republic"]
[Date "2023.01.08"]
[Round "6.5"]
[White "Jaracz, Pawel"]
[Black "Kaczur, Florian"]
[Result "1/2-1/2"]
[WhiteElo "2463"]
[BlackElo "2483"]
[PlyCount "57"]
[EventDate "2022.10.15"]
[EventType "team-tourn"]
[EventRounds "11"]
[EventCountry "CZE"]
[SourceTitle "CBM 213 Extra"]
[Source "ChessBase"]
[SourceDate "2023.05.31"]
[SourceVersion "1"]
[SourceVersionDate "2023.05.31"]
[SourceQuality "1"]
[WhiteTeam "Turnov Zikuda"]
[BlackTeam "Ingem Line"]
[WhiteTeamCountry "CZE"]
[BlackTeamCountry "CZE"]

1. e4 e5 2. Nf3 Nc6 3. Bb5 a6 4. Ba4 Nf6 5. 0-0 Be7 6. d3 d6 7. c3 0-0 8. Re1 Re8 9. h3 Bf8 10. Nbd2 b5 11. Bc2 h6 12. d4 Bb7 13. a3 Nb8 14. b3 Nbd7 15. Bb2 c6 16. a4 Qc7 17. Bd3 Nb6 18. Qc2 bxa4 19. bxa4 a5 20. c4 exd4 21. Nxd4 Nbd7 22. N2b3 Ne5 23. Bf1 g6 24. Bc3 Ned7 25. Rad1 Bg7 26. Bd3 Ne5 27. Bf1 Ned7 28. Bd3 Ne5 29. Bf1 1/2-1/2

[Event "BL2-Ost 2223"]
[Site "Germany"]
[Date "2022.11.26"]
[Round "3.2"]
[White "Mihok, Oliver"]
[Black "Kaczur, Florian"]
[Result "1/2-1/2"]
[WhiteElo "2546"]
[BlackElo "2473"]
[PlyCount "104"]
[EventDate "2022.10.22"]
[EventType "team-tourn"]
[EventRounds "10"]
[EventCountry "GER"]
[SourceTitle "EXT 2024"]
[Source "ChessBase"]
[SourceDate "2023.10.10"]
[SourceVersion "1"]
[SourceVersionDate "2023.10.10"]
[SourceQuality "1"]
[WhiteTeam "Erfurt"]
[BlackTeam "Regensburg Bavaria"]
[WhiteTeamCountry "GER"]
[BlackTeamCountry "GER"]

1. b3 e5 2. Bb2 Nc6 3. c4 d5 4. cxd5 Qxd5 5. Nc3 Qe6 6. Nf3 Bd7 7. e4 Bd6 8. Bc4 Qg6 9. 0-0 Nf6 10. Re1 0-0 11. Nb5 Bg4 12. Nxd6 cxd6 13. Qe2 Nh5 14. Qe3 Qf6 15. Qg5 Bxf3 16. Qxf6 gxf6 17. gxf3 Rfd8 18. Kh1 Kf8 19. Rg1 a6 20. Rg4 b5 21. Bd5 Rac8 22. Rh4 Nf4 23. Rxf4 exf4 24. Bxf6 Ne7 25. Rg1 Nxd5 26. Bxd8 Rxd8 27. exd5 Rc8 28. a4 Rc2 29. axb5 axb5 30. Rg4 Rxd2 31. Rxf4 Rxd5 32. Kg2 Ke7 33. Kf1 Re5 34. Rh4 h5 35. f4 Rc5 36. Ke2 Kf6 37. Rh3 Rc2+ 38. Kd3 Rxf2 39. Rxh5 Rf3+ 40. Ke4 Rxb3 41. Rh6+ Ke7 42. Rh8 Rc3 43. Rb8 Rc5 44. h4 Ke6 45. Re8+ Kf6 46. Rd8 Rc4+ 47. Ke3 Kf5 48. Rxd6 Re4+ 49. Kd3 Rxf4 50. Rd5+ Kg4 51. Rxb5 Kxh4 52. Ke3 Rf6 1/2-1/2

[Event "BL2-Ost 2223"]
[Site "Germany"]
[Date "2022.10.23"]
[Round "2.2"]
[White "Diermair, Andreas"]
[Black "Kaczur, Florian"]
[Result "1/2-1/2"]
[WhiteElo "2442"]
[BlackElo "2473"]
[PlyCount "56"]
[EventDate "2022.10.22"]
[EventType "team-tourn"]
[EventRounds "10"]
[EventCountry "GER"]
[SourceTitle "EXT 2024"]
[Source "ChessBase"]
[SourceDate "2023.10.10"]
[SourceVersion "1"]
[SourceVersionDate "2023.10.10"]
[SourceQuality "1"]
[WhiteTeam "Passau"]
[BlackTeam "Regensburg Bavaria"]
[WhiteTeamCountry "GER"]
[BlackTeamCountry "GER"]

1. d4 Nf6 2. c4 e6 3. Nf3 d5 4. Nc3 Bb4 5. cxd5 exd5 6. Bg5 h6 7. Bh4 g5 8. Bg3 Ne4 9. Nd2 Nxg3 10. hxg3 Be6 11. Qa4+ Nc6 12. e3 a6 13. a3 Bd6 14. Qc2 Qd7 15. Nb3 Ne7 16. Bd3 0-0-0 17. 0-0-0 f5 18. Na5 c6 19. Na4 Qc7 20. Nb3 Kb8 21. Nac5 Bc8 22. Kb1 Ka7 23. Rc1 b6 24. Na4 Rdf8 25. Nd2 Qd7 26. Nf3 Bb7 27. Qb3 Nc8 28. Ka1 Qe7 1/2-1/2